000 00557nam a2200181Ia 4500
008 151018s9999 xx 000 0 und d
082 _bRBASDV22177
_a891.463
100 _aअनिल फळणीकर
245 _aप्रेमिका
250 _b1
260 _bप्रिया प्रकाशन मुंबई
_c1976
300 _a188
600 _aअनिल फळणीकर
630 _aप्रेमिका
700 _aअनिल फळणीकर
730 _aप्रेमिका
942 _cBOOK
999 _c1021847
_d1021844